000 00783akm a2200289a 44500
008 960919s1988 cat
041 _acat
110 _aBarcelona. Ajuntament. Institut Municipal d'Educació
_964928
245 _aNets i polits
245 _cBarcelona. Ajuntament. Institut Municipal d'Educació.
245 _h[cartell]
260 _a[Barcelona]
260 _bGeneralitat de Catalunya. Departament de Cultura
260 _c1988
300 _bil.
520 _a23
591 _a5096
592 _aObra terminològica
593 _aKV
594 _a5096
650 _aarticles de puericultura
_964927
901 _cDL <1988>
902 _a960919
942 _cMO
_n0
999 _c55846
_d55846